| 000 | 00532nam a22001937a 4500 | ||
|---|---|---|---|
| 003 | OSt | ||
| 005 | 20140310182354.0 | ||
| 008 | 131001t xxu||||| |||| 00| 0 eng d | ||
| 020 | _a9781565658936 | ||
| 050 |
_aPZ 1 _b.G346 1998 |
||
| 082 |
_aGS 808.83 _bC56 1998 |
||
| 245 |
_aGhost stories / _cCompiled by Glen Bledsoe, Karen Bledsoe. |
||
| 260 |
_aChicago : _bContemporary Books, _cc1998. |
||
| 300 |
_a128 p. : _bill, ; _c23 cm. |
||
| 541 | _j1 | ||
| 562 | _e1 | ||
| 650 |
_aFiction. _9746 |
||
| 942 |
_2lcc _cBK-GS |
||
| 999 |
_c12438 _d12438 |
||